000
00302nam a22001457a 4500
008
210315b ||||| |||| 00| 0 eng d
020
_a
9780321611116
041
_a
eng
080
_2
4th
_a
53
082
_a
53
100
_a
43
101
_a
FIZ
245
_a
Physics
_c
Walker, J. S
942
_2
udc
_c
BK
999
_c
56617
_d
56617